Diseno de una celda electrolitica para la produccion de hidrogeno: Fundamentos teoricos

Guardat en:
Dades bibliogràfiques
Autor principal: Soto Rivera, Luis Francsco
Format: Thesis Llibre
Idioma:Undetermined
Publicat: 1984
Matèries:
Etiquetes: Afegir etiqueta
Sense etiquetes, Sigues el primer a etiquetar aquest registre!

MARC

LEADER 00000nam a2200000Ia 4500
001 4340
008 140114s9999 xx 000 0 und d
100 |a Soto Rivera, Luis Francsco 
245 |a Diseno de una celda electrolitica para la produccion de hidrogeno: Fundamentos teoricos 
260 |c 1984 
500 |a NULL 
502 |a Escuela de ingenieria Electrica 
650 |z CELDA ELECTROLITICA 
999 |c 11615  |d 11615